Normal view
MARC view
Entry Personal Name
001 - CONTROL NUMBER
- control field: 58876
003 - CONTROL NUMBER IDENTIFIER
- control field: OSt
005 - DATE AND TIME OF LATEST TRANSACTION
- control field: 20160522153229.0
008 - FIXED-LENGTH DATA ELEMENTS
- fixed length control field: 160522|| aca||aabn | a|a d
040 ## - CATALOGING SOURCE
- Original cataloging agency: OSt
- Transcribing agency: OSt
100 ## - HEADING--PERSONAL NAME
- Personal name: पुटटप्पा, कु वें
670 ## - SOURCE DATA FOUND
- Source citation: Work cat.: (OSt)22102: पुटटप्पा, कु वें, शूद्र तपस्वी एंव अन्य दो नाटक , 2005









